| 000 | 02005nam a2200265 a 4500 | ||
|---|---|---|---|
| 001 | ASIN007177291X | ||
| 003 | Nust- CAS-E | ||
| 005 | 20180118181356.0 | ||
| 008 | 140306s2012 xxu eng d | ||
| 020 |
_a007177291X _c$75.00 |
||
| 020 | _a9780071772914 | ||
| 040 | _c0 | ||
| 050 | 0 | 4 | _aTJ163.9 |
| 082 | 0 | 4 |
_a621.042 _bTOS 2012 |
| 100 | 1 | _aTostevin, G. Mark. | |
| 245 | 1 | 0 |
_aEnergy systems design and operation : _ba unified method / _cG. Mark Tostevin. |
| 250 | _a1st ed. | ||
| 260 |
_a[S.l.] : _bMcGraw-Hill Professional, _c2012. |
||
| 300 |
_a208 p. ; _c24 cm. |
||
| 520 | _aBest practices for the design and operation of energy systems Written by a global expert with 50 years of experience in the field, Energy Systems Design and Operation presents a formal, unified, and universal method for conceiving, designing, and operating the most appropriate energy system in any given situation. This authoritative guide describes how to express the scientific, technical, and economic parameters of an energy system in universal terms, and then reliably conduct its engineering and evaluation in those terms. The book also includes the algorithm and functional specification of the computer program for the unified method, application techniques, and software examples with source code. Learn how to: Develop a plan for adopting a unified method for energy systems Gather and process required information Formalize a procedure for the conversion, exchange, and storage of energy Extend the formal procedure to a unified method for the concept, design, and operation of energy systems Meet requirements for computing with a unified method Use and benefit from a unified method with real-world demonstrations of energy system operation and design Simulate and optimize energy systems with the unified method. | ||
| 650 | 0 | _aPower (Mechanics) | |
| 650 | 0 | _aPower resources | |
| 856 | 4 | 0 |
_3Amazon.com _uhttp://www.amazon.com/exec/obidos/ASIN/007177291X/chopaconline-20 |
| 942 |
_2ddc _cBK |
||
| 999 |
_c355294 _d355294 |
||